000 01112nam a22002055i 4500
001 167151
003 ES-MaACL
005 20250929063247.0
008 020306s1874 sp |||| | spa d
040 _aCAM
_bspa
_cCAM
100 1 _aVelázquez y Sánchez, José,
_dm. 1880
_9133611
245 1 3 _aEl diluvio
_b: cuadro cómico, original en un acto y en verso /
_cde José Velázquez.
260 _aMadrid :
_b[s.n.],
_c1874 (
_fImprenta de José Rodriguez)
300 _a27 p. ;
_c20 cm.
500 1 _aEn port. consta: "C.C." y "Número 23"
500 _aEn port.: Representado con extraordinario éxito en el Teatro Martín, la noche del 19 de enero de 1874.
596 1 _aEn verso de la port. consta: "Esta obra es propiedad de Cárlos Calvacho ... Los comisionados de la Galería Dramática y Lírica, titulada el Teatro, de Alonso Gullon ..."
852 _aES-MaACL
_jF-8568(3)
_z-- Enc. pasta española
_z-- Dedicatoria. ms. del autor a Eduardo Navarro y Gonzalvo
_z-- Enc. en un vol. facticio formando parte de la col. facticia "Teatro español moderno", vol. 21
999 _c167151
_d167151